01008mam a2200289 a 4500999001500000001000700015003000400022005001700026008004100043020001500084035002000099035002400119040001300143049000900156082001800165090002300183100002200206245015000228260005000378300002000428440003800448504004100486650003200527700002400559942001200583952012300595 c3560d3560339977OSt20181115095942.0911127s1991 mnu b 000 0 eng d a0814650139 a(OCoLC)24867121 a(OCoLC)ocm24867121  aMCBcMCB aPTSS a248.29bM478F aBT123.2b.M32 19911 aMcDonnell, Kilian10aFanning the flame ;bwhat does Baptism in the Holy Spirit have to do with Christian initiation? /cKilian McDonnell, George T. Montague, editors. aCollegeville, MN :bLiturgical Press,cc1991. a30 p. ;c19 cm. 1aHeart of the Church Consultation. aIncludes bibliographical references. 0aBaptism in the Holy Spirit.10aMontague, George T. 2ddccBK 00102ddc40708NFICaHMCbHMCcGENd2018-11-15g150.00l0o248.29 M478Fp004140r2018-11-15 00:00:00w2018-11-15yBK